Leave Me Alone - Renee Rapp (All Lyrics) - Statistics

General Stats
  • This quiz has been taken 167 times
  • The average score is 259 of 310
Answer Stats
Lyrics % Correct
a
100%
alone,
98%
I
98%
Leave
98%
me
98%
me,
98%
fun
95%
have
95%
T-
95%
t-
95%
wanna
95%
bitch,
94%
my
93%
My
93%
I'm
92%
real
89%
c-
88%
but
86%
the
86%
to
86%
it
85%
just
85%
bad
84%
girl
84%
good
84%
kisser
84%
Can
83%
of
83%
so
83%
take
83%
you
83%
with
82%
all
81%
in
81%
don't
80%
her
80%
ex
79%
Got
79%
got
79%
nipples
79%
secret?
79%
secret)
79%
show
79%
sick
79%
tell
79%
(Tell
79%
and
78%
lips
78%
match
78%
other
78%
no
77%
walked
76%
off,
75%
line
74%
up,
74%
single?"
73%
"Where's
73%
deep
72%
cannonball
71%
Oh
71%
"Oh,
71%
on
71%
twister
71%
tongue
70%
ain't
69%
Come
69%
end
69%
life
69%
sex
69%
now
68%
took
68%
dimple
67%
get
67%
back
66%
Even
66%
fucking
66%
say
66%
Sign
66%
us
66%
called
65%
little
65%
something
65%
still
65%
that's
65%
three
65%
together,
65%
jeans
64%
low,
64%
phone
64%
disturb
63%
hair
63%
tied
63%
manager
62%
picture
61%
wet
61%
you're
61%
dance,
59%
babe?
58%
breaking
58%
NDAs
58%
said
58%
Wear
58%
signal"
57%
talk
56%
Party
55%
hundred
54%
Hills,
53%
business
52%
people
52%
(Mm,
49%
mm)
49%
tryna
47%
(Uh-huh)
33%
Put
17%
No matching quizzes found
Score Distribution
Percent of People with Each Score
Percentile by Number Answered
Your Score History
You have not taken this quiz